Truyện ngắn giải thưởng O'Henry Văn học hiện đại Mỹ
Sách gồm những truyện ngắn nổi bật nhất trong số những truyện ngắn được trao giải thưởng O'Henry suốt năm chục năm qua
Αποθηκεύτηκε σε:
| Κύριος συγγραφέας: | |
|---|---|
| Μορφή: | Βιβλίο |
| Γλώσσα: | Undetermined |
| Έκδοση: |
Hà Nội
Văn Học
1997
|
| Θέματα: | |
| Ετικέτες: |
Προσθήκη ετικέτας
Δεν υπάρχουν, Καταχωρήστε ετικέτα πρώτοι!
|
| Thư viện lưu trữ: | Trung tâm Học liệu Trường Đại học Cần Thơ |
|---|
| LEADER | 00827nam a2200193Ia 4500 | ||
|---|---|---|---|
| 001 | CTU_22270 | ||
| 008 | 210402s9999 xx 000 0 und d | ||
| 082 | |a 813.3 | ||
| 082 | |b Tr527 | ||
| 100 | |a Truyện ngắn giải thưởng O'Henry | ||
| 245 | 0 | |a Truyện ngắn giải thưởng O'Henry | |
| 245 | 0 | |b Văn học hiện đại Mỹ | |
| 245 | 0 | |c Truyện ngắn giải thưởng O'Henry, Nguyễn Thị Hiền Thảo | |
| 260 | |a Hà Nội | ||
| 260 | |b Văn Học | ||
| 260 | |c 1997 | ||
| 520 | |a Sách gồm những truyện ngắn nổi bật nhất trong số những truyện ngắn được trao giải thưởng O'Henry suốt năm chục năm qua | ||
| 650 | |a short stories, american | ||
| 980 | |a Trung tâm Học liệu Trường Đại học Cần Thơ | ||